Financial management in pakistan / (Record no. 345251)
[ view plain ]
| 000 -LEADER | |
|---|---|
| fixed length control field | 01042 a2200193 4500 |
| 020 ## - INTERNATIONAL STANDARD BOOK NUMBER | |
| International Standard Book Number | 0195979168 |
| 020 ## - INTERNATIONAL STANDARD BOOK NUMBER | |
| International Standard Book Number | 9780195979169 |
| 082 04 - DEWEY DECIMAL CLASSIFICATION NUMBER | |
| Classification number | 338 |
| 090 ## - LOCALLY ASSIGNED LC-TYPE CALL NUMBER (OCLC); LOCAL CALL NUMBER (RLIN) | |
| -- | 2760 |
| -- | 2760 |
| 100 1# - MAIN ENTRY--PERSONAL NAME | |
| Personal name | Ansari, Javed A. |
| 245 10 - TITLE STATEMENT | |
| Title | Financial management in pakistan / |
| Statement of responsibility, etc. | Javed A. Ansari. |
| 260 ## - PUBLICATION, DISTRIBUTION, ETC. | |
| Place of publication, distribution, etc. | [S.l.] : |
| Name of publisher, distributor, etc. | Oxford University Press, USA, |
| Date of publication, distribution, etc. | 2006. |
| 300 ## - PHYSICAL DESCRIPTION | |
| Extent | 258 p. ; |
| Dimensions | 25 cm. |
| 500 ## - GENERAL NOTE | |
| General note | Paperback. |
| 520 ## - SUMMARY, ETC. | |
| Summary, etc. | This is the first book-length treatment of the financial management process in Pakistan. The authors explain financial management theories and practices in the context of the Pakistani legal and institutional environment focusing on decisions taken by firms and banks in Pakistan. The book is divided into three parts and covers the entire range of topics to be found in a standard textbook on the subject. |
| 856 40 - ELECTRONIC LOCATION AND ACCESS | |
| Materials specified | Amazon.com |
| Uniform Resource Identifier | <a href="http://www.amazon.com/exec/obidos/ASIN/0195979168/chopaconline-20">http://www.amazon.com/exec/obidos/ASIN/0195979168/chopaconline-20</a> |
| 856 40 - ELECTRONIC LOCATION AND ACCESS | |
| Materials specified | Amazon customer reviews |
| Uniform Resource Identifier | <a href="http://www.chopac.org/cgi-bin/tools/azrev.pl?q=0195979168">http://www.chopac.org/cgi-bin/tools/azrev.pl?q=0195979168</a> |
| 942 ## - ADDED ENTRY ELEMENTS (KOHA) | |
| Institution code [OBSOLETE] | NBS |
| Koha item type | Book |
| Call number prefix | 658.155491 JAV |
| Withdrawn status | Lost status | Damaged status | Not for loan | Permanent Location | Current Location | Date acquired | Total Checkouts | Full call number | Barcode | Date last seen | Price effective from | Koha item type |
|---|---|---|---|---|---|---|---|---|---|---|---|---|
| Central Library (CL) | Central Library (CL) | 08/28/2013 | 658.155491 JAV | NBS6061 | 08/28/2013 | 08/28/2013 | Book |
